Normal view
MARC view
Entry Topical Term
001 - CONTROL NUMBER
- control field: 1127219
003 - CONTROL NUMBER IDENTIFIER
- control field: OSt
005 - DATE AND TIME OF LATEST TRANSACTION
- control field: 20260306154258.0
008 - FIXED-LENGTH DATA ELEMENTS
- fixed length control field: 260306|| aca||aabn | a|a d
040 ## - CATALOGING SOURCE
- Original cataloging agency: OSt
- Transcribing agency: OSt
150 ## - HEADING--TOPICAL TERM
- Topical term or geographic name entry element: दलित कोश
670 ## - SOURCE DATA FOUND
- Source citation: Work cat.: (OSt)1490806: बैरवा, जयराम 898303, डॉ. भीमराव अम्बेडकर एवं दलीतोद्धार कोश , 2020.
